Lista de señores asambleistas
Descripción Física:
8 p. ; 16 cm
Materias:
Diputacions provincials
MARC
| LEADER | 00000nam a2200000Ia 4500 | ||
|---|---|---|---|
| 001 | 22580 | ||
| 003 | BGR | ||
| 005 | 20260410113639.0 | ||
| 008 | 160829s1906 xx 000 0 cat d | ||
| 080 | |a RF-15-108 | ||
| 245 | |a Lista de señores asambleistas | ||
| 260 | |a Barcelona : |b Imprenta de la Casa P. de Caridad, |c 1906 | ||
| 300 | |a 8 p. ; |c 16 cm | ||
| 590 | |a A la part superior del títol: Asamblea de Diputaciones de España. | ||
| 590 | |a Prové de 3801, exp. 4 | ||
| 650 | |a Diputacions provincials |9 44836 | ||
| 710 | 1 | |a Asamblea de Diputaciones Provinciales de España |9 70548 | |
| 856 | 4 | |u https://media.diba.cat/diba/fitxers/arxiu/fulletons/bib_22580_1906_baixa.pdf |y Accés lliure | |
| 856 | 4 | |u https://media.diba.cat/diba/fitxers/arxiu/fulletons/bib_22580_1906_baixa.pdf |y Accés lliure | |
| 900 | |a bib_22580_1906_baixa.pdf | ||
| 901 | |a Arxiu | ||
| 942 | |n 1 |2 udc |c MON | ||
| 952 | |0 0 |1 0 |4 0 |6 RF15108 |7 1 |9 53932 |a Arxiu |b Arxiu |d 2016-12-01 |l 0 |o RF-15-108 |p 22580 |r 2016-12-01 00:00:00 |w 2016-12-01 |y ARXIU | ||
| 999 | |c 57799 |d 57799 | ||